[Event "Moscow Tal Memorial 2nd"]
[Site "Moscow"]
[Date "2007.11.14"]
[Round "5"]
[White "Kramnik, Vladimir"]
[Black "Shirov, Alexei"]
[Result "1-0"]
[WhiteElo "2785"]
[BlackElo "2739"]
[Annotator "Marin,M"]
[PlyCount "101"]
[EventDate "2007.11.10"]
[EventType "tourn"]
[EventRounds "9"]
[EventCountry "RUS"]
[EventCategory "20"]
[SourceTitle "CBM 122"]
[Source "ChessBase"]
[SourceDate "2008.01.30"]
[SourceVersion "1"]
[SourceVersionDate "2008.01.30"]
[SourceQuality "1"]

1. Nf3 d5 2. d4 Nf6 3. c4 e6 4. g3 Be7 5. Bg2 O-O {A curious practical
decision on Shirov's part. True, Kramnik's first move was designed to avoid
the Grünfeld, while the Slav (another main weapon of Shirov) is well known by
Kramnik himself. On the other hand, Shirov has not had too much practice
against the Catalan over the past years, while his overall result is not
entirely encouraging. We can suppose that he had some concrete variation in
mind, based on an improvement over one of Kramnik's recent games, but in this
case the next move was an excellent psychological decision.} 6. Qc2 $5 dxc4 ({
Black decides to maintain the same character of the position as in the main
line. The main alternative is} 6... c5) 7. Qxc4 a6 8. Bf4 Bd6 9. O-O ({A
famous game that brought 6.Qc2 into the limelight continued with} 9. Ne5 Nd5
10. Nc3 Nxf4 11. gxf4 Nd7 12. e3 Qe7 13. O-O Rb8 $6 (13... Nf6 $1 $14 {would
have prevented White's next manoeuvre.}) 14. Ne4 Nf6 15. Nc5 $16 {Kasparov,G 
(2715)-Andersson,U (2575)/Belgrade 1985/MCL/[ChessBase] (1-0, 50)}) 9... b5 10.
Qc2 Bb7 {Play has transposed to the known line 10.Bf4 from the main line of
the open Catalan. On the way, White has avoided the line 10...Nc6, which is an
important alternative to 10...Bd6.} 11. Nbd2 Nbd7 (11... Bxf4 12. gxf4 {
is supposed to strengthen White's centre, but on the other hand it allows
Black to develop his queen on an active square with gain of time with} Qd6 {
In practice, White has obtained good results, but from analytical point of
view it is not easy to prove an advantage after} 13. e3 Nbd7 14. Nb3 (14. Ne5
Bxg2 15. Kxg2 c5 16. dxc5 Qxc5 ({It would probably be better to keep queens on
board, in order to maintain some potential threats against the slightly
weakened position of the white king.} 16... Nxc5 17. Rfd1 Qe7 18. Rac1 Qb7+ 19.
Ndf3 Rac8 $132) 17. Qxc5 Nxc5 18. Rac1 Rfd8 19. Ndf3 {Black has problems
maintaining the control of the c-file.} Nd3 (19... Rac8 $2 {loses material to}
20. b4 Na4 21. Nc6 Re8 22. Ne7+ $1 $18) (19... Rdc8 20. Ng5 $1 $16) 20. Nxd3
Rxd3 21. Rc6 Nd7 22. Rfc1 $14 {1-0 Benjamin,J (2540)-Sieiro Gonzalez,L (2400)/
Rio Gallegos 1986/EXT 2003 (30). White's authoritarian control of the c-file
and the weakness of the enemy queenside offer him a stable advantage in the
endgame.}) (14. Rfd1 {A neutral move, failing to put pressure on the critical
c-file.} c5 15. dxc5 Qxc5 16. Qxc5 Nxc5 17. Ne5 Bxg2 18. Kxg2 Rfc8 19. Ndf3 Na4
20. Nd3 Ne4 21. Rac1 Kf8 22. Nd4 Nec5 $11 {Piket,J (2640)-Karpov,A (2760)/
Monte Carlo 1997/CBM 057 ext (1/2-1/2, 52). Black has successfully neutralized
White's queenside pressure.}) 14... Be4 15. Qc3 (15. Qe2 {allows Black free
his position immediately with} c5 16. dxc5 Nxc5 17. Rfd1 Nd5 18. Nxc5 Qxc5 19.
Rac1 Qb6 20. Ne5 Bxg2 21. Kxg2 f6 22. Nd3 Rac8 $11 {Ehlvest,J (2638)-Murshed,N
(2457)/Dhaka 2001/CBM 082 (0-1, 54)}) 15... Rac8 $6 ({The insertion of the
rook moves to the c-file favours White. Black should have immediately played} 
15... Nd5 {for instance} 16. Qd2 c5 17. dxc5 Nxc5 18. Nxc5 Qxc5 19. Qd4 Qxd4
20. Nxd4 Bxg2 21. Kxg2 Rfc8 22. Rfc1 Kf8 $11) 16. Rfc1 Nd5 17. Qd2 c5 18. dxc5
Nxc5 19. Nxc5 Rxc5 20. Qd4 $1 {Black has to give up the control of the c-file.}
Rxc1+ 21. Rxc1 Qb4 (21... Bxf3 22. Bxf3 Rd8 23. f5 $14) 22. a3 Qxd4 23. Nxd4
Bxg2 24. Kxg2 $16 {1-0 Stangl,M (2480)-Stern,R (2370)/Germany 1991/GER-chT (45)
. Just another extremely promising ending for White.}) 12. Nb3 Be4 13. Qd2 {
Once the queen's knight has been developed, this square can be used by Her
Majesty.} ({The typical retreat} 13. Qc1 {is slightly artificial here,
depriving the rooks of this square.} Rc8 14. a4 {Since Ra(f)c1 are not
available, this looks like the only active continuation. However, the
b4-square will remain weak now.} Qe7 15. axb5 axb5 16. Ra7 Bxf4 17. Qxf4 Qb4
18. Nbd2 Bxf3 19. Bxf3 c5 $10 {Smyslov,V-Gligoric,S/Warsaw 1947/MCL/[Chekhov] 
(0-1, 55)}) 13... Qe7 {A natural developing move, but Black has an important
alternative here.} (13... Nd5 14. Rfc1 {Probably not the best.} ({White could
try to transpose to the main game with} 14. Bxd6 cxd6 15. Rfc1 {. If instead
of 15...Qe7 Black tries} Qb6 {, keeping the queenside defended, White has the
typoical tactical blow} 16. Ne5 $1 {with favourable simplifications.}) ({
If White intends to maintain the tension in the centre,} 14. Rac1 $5 {looks
better. Since the opening of the g-file is very probable, the presence of the
other rook will be most welcome on the other wing.} Nxf4 15. gxf4 Qe7 16. Qe3
Bd5 17. Ne5 $14 {White keeps both wings under control.}) 14... Nxf4 15. gxf4
Qe7 16. Ne5 $6 ({Here, too,} 16. Qe3 Bd5 17. Ne5 {deserves attention.}) 16...
Bxg2 17. Kxg2 Nb6 18. Nc5 f6 19. Ned3 e5 $15 {Zimmerman,Y (2345)-Mochalov,E 
(2450)/Zalakaros 1994/TD (0-1, 37)}) 14. Rfc1 (14. Rac1 $5) 14... Rfc8 (14...
Nd5 15. Bxd6 cxd6 16. Qa5 $14 {[%csl Re4][%cal Gb3d2] /\Nbd2}) 15. Bxd6 $146 {
White changes the character of the position, relying on the weakness of the
enemy queenside and the subsequent possibility to gain the control of the
c-file.} (15. Ne5 Bxg2 (15... Bxe5 $2 16. dxe5 Bxg2 17. exf6 $18) 16. Nxd7 Nxd7
17. Kxg2 Bxf4 $6 (17... e5 $5 18. dxe5 Nxe5 $132 {White seems to have problems
maintaining the enemy queenside under control. Here White would be glad to
have the possibility of playing Rfd1 (after an eventual exchange on e5), which
casts some doubt over 14.Rfc1.}) 18. Qxf4 c5 19. Nxc5 Nxc5 20. dxc5 Rxc5 21.
Rxc5 Qxc5 22. Rc1 Qd5+ 23. Qf3 Qxf3+ 24. Kxf3 $14 {1-0 Buhmann,R (2525)-Braun,
P (2248)/Deizisau 2003/CBM 093 ext (54). Even in the absence of knights, the
ending is anything but easy for Black. The best he could dream of is an ending
with a pawn down, but with an active rook.}) 15... cxd6 16. Qa5 Rcb8 $5 {
The weakness of the a6-pawn forces Black give up the control of the c-file
temporarily.} 17. Nbd2 Bd5 18. Rc2 Qd8 $6 {Black plays too obstinately for
plain equality.} ({In doing so, he misses the opportunity of generating
counterplay with} 18... e5 $5 $132) 19. Qxd8+ Rxd8 20. Rac1 $14 {Black will
need a couple of tempi in order to neutralize White's pressure along the
c-file. In the meanwhile, White will manage to obtain an advantage in space in
the centre.} Nb6 21. Ne1 Rac8 22. Nd3 Rxc2 23. Rxc2 Rc8 24. Rxc8+ Nxc8 25. Nb4
Bxg2 26. Kxg2 a5 27. Nc6 a4 28. e4 {A curious ending. The Catalan frequently
leads to symmetrical endings with N + 6 pawns for each side (pawns on the c-
and d-files missing). In these positions, White can hope for an advantage if
his king is closer to the centre than its counterpart and if Black's queenside
pawns have been advanced to, say, a6 and b5. The current position is by far
more complex. I have not met endings with this material balance before, but,
after doing a database search, was surprised to find a couple of hundred games
where each side had 2 Ns and 7 Ps and the c-file was open. Only rarely did one
of the sides manage to win. Two such cases are Petrosian,T-Wade,R/Leipzig 1960/
EXT 99 (1-0, 55) and the more recent Grunberg,M (2442)-Naiditsch,A (2654)/
Dresden 2007/CBM 118 (0-1, 74). However, none of the games from the list were
really similar to the present ending. Here, White has two forms of advantage:
the weakness of the far advanced queenside pawns and the space advantage in
the centre. The position is impossible to exhaust by analytical means, since
from the point of view of its complexity it is somewhat reminsicent of
middlegames. One thing is clear: White is entitled to play for a win.} Ne8 29.
Kf3 Kf8 30. Ke3 Nc7 31. Kd3 Ke8 32. Kc3 Na6 33. Nb4 Nc7 34. Nf1 Kd7 35. Ne3 Ne7
36. g4 {White cannot make progress on the queenside only and needs to open a
new front.} g5 {A difficult decision. This move weakens Black's position, but
allowing White to win even more space could prove dangerous in the long run.}
37. Nd3 f6 38. f4 gxf4 ({Black does not equalize completely with} 38... f5 39.
exf5 Ncd5+ 40. Nxd5 Nxd5+ 41. Kd2 exf5 42. fxg5 (42. gxf5 $6 g4 $1 $132) 42...
Ke6 (42... fxg4 43. Nf2 g3 44. hxg3 Ke6 45. Ne4 $14 {[%csl Gd6]}) 43. h3 $14)
39. Nxf4 e5 40. dxe5 fxe5 (40... dxe5 41. Nh5 {would have forced Black to
retreat with one of his pieces in order to defend the f6-pawn, allowing White
make progress on the other wing with Kb4.}) 41. Nfd5 Ncxd5+ 42. exd5 $1 $16 {
White has consolidated his advantage in space and has created threats on both
wings. Black is in trouble already.} (42. Nxd5 Nxd5+ 43. exd5 {leads only to a
draw after the forced move} Ke7 $1 {for instance} 44. h4 Kf6 $1 {If White
could manage to play g5 and h5, he would win.} 45. Kd3 Kg6 46. Ke4 Kf6 $11)
42... Kc7 43. g5 Kb6 {[%csl Rd5][%cal Gb6c5]} 44. b4 {[%csl Gc5]} axb3 (44...
Ng6 45. Kd3 $1 (45. Ng4 Nf4 46. Nf6 Kc7 $1 $132 {[%csl Gd5][%cal Gc7d8,Gd8e7,
Ge7f7]}) 45... Nf4+ 46. Ke4 Kc7 (46... a3 {[%csl Ga2]} 47. Nd1 {[%csl Ga2,Rb5]
[%cal Gd1c3,Ge4f5,Gh2h4]}) 47. h4 Kd7 48. Nd1 $1 {[%csl Rb5,Gd5,Rh7][%cal
Gd1c3,Ge4f5]}) 45. axb3 Ka5 (45... Ng6 46. Ng4 $1 Kc5 (46... Nf4 47. Nf6 Kc7
48. h4 Kd8 49. Kb4 $18) 47. Nf6 b4+ (47... e4 $2 48. b4+ Kb6 49. Kd4 $18) 48.
Kd3 Nf4+ 49. Ke4 Ne2 50. Nxh7 Nc3+ 51. Kf5 Nxd5 52. Nf6 Ne7+ 53. Ke6 Ng6 54.
Ne4+ Kd4 55. Nxd6 $18) 46. h4 Ng6 47. h5 Nf4 48. g6 hxg6 49. h6 g5 50. h7 Ng6
51. Kd3 (51. Kd3 Kb4 52. Ke4 Kxb3 53. Kf5 Nh8 54. Kf6 Kc3 55. Kg7 b4 56. Kxh8
b3 57. Kg7 b2 58. Nd1+ Kc2 59. Nxb2 Kxb2 60. h8=Q $18) 1-0

[Event "Moscow Tal Memorial 2nd"]
[Site "Moscow"]
[Date "2007.11.16"]
[Round "6"]
[White "Kramnik, Vladimir"]
[Black "Alekseev, Evgeny V"]
[Result "1-0"]
[WhiteElo "2785"]
[BlackElo "2716"]
[Annotator "Marin,M"]
[PlyCount "61"]
[EventDate "2007.11.10"]
[EventType "tourn"]
[EventRounds "9"]
[EventCountry "RUS"]
[EventCategory "20"]
[SourceTitle "CBM 122"]
[Source "ChessBase"]
[SourceDate "2008.01.30"]
[SourceVersion "1"]
[SourceVersionDate "2008.01.30"]
[SourceQuality "1"]

1. d4 Nf6 2. c4 e6 3. g3 c5 4. d5 exd5 5. cxd5 b5 {Recently, this move has
been submitted to intense theoretical and practical disputes at top level. It
also makes up part of Alekseev's main repertoire, which also includes the
Blumenfeld Gambit.} 6. e4 $5 {Another surprise for Black, although this time
the idea is not new, but just well-forgotten. Several decades ago, the
outstanding Catalan specialist Genna Sosonko repeatedly played like this.
Apart from attacking the b5-pawn, White threatens to win even more space in
the centre with the brutal e5.} (6. Nd2 $5 Nxd5 7. Bg2 Nc7 8. Bxa8 Nxa8 9. b4
c4 10. a4 {Kramnik,V (2772)-Aronian,L (2759)/Yerevan 2007/CBM 118 (1/2-1/2, 47)
}) (6. Nf3 $5 d6 7. e4 $5 {Gelfand,B (2733)-Aronian,L (2750)/Mexico City 2007/
CBM 120/[Marin,M] (1-0, 48)}) (6. Bg2 d6 7. Nf3 Bb7) 6... Nxe4 {The most
principled reaction.} (6... Qe7 $6 {looks unnatural and is probably bad.} 7.
Bg2 d6 8. Ne2 g6 9. O-O Bg7 10. e5 $1 Qxe5 (10... dxe5 $2 11. d6) 11. Nec3 O-O
12. Nxb5 Qe7 13. N1c3 Ba6 14. Re1 Qd8 15. a4 Bxb5 16. Nxb5 Ne8 17. Bf4 $16 {
De Carbonnel,H-Wiersma,T/EU-chT1 corr7281 1972/Corr Nr. 1 (1-0, 39)}) (6... Bb7
{keeps the enemy centre under control, but places the bishop on a passive
square. However, things are not that clear here.} 7. Bg2 d6 8. a4 $6 {Possibly
not the best. After the structural modifications on the queenside, the
b7-bishop will revive on a6. White should have continued the development of
his kingside.} b4 9. Nd2 g6 10. Nc4 Ba6 11. Qc2 Bg7 12. Nf3 O-O 13. Nfd2 Nbd7
14. O-O (14. Nxd6 Qe7 15. N2c4 Nxd5) 14... Nb6 15. Re1 Ng4 16. Ne3 Ne5 17. Bf1
c4 $132 {Manor,I (2510)-Greenfeld,A (2560)/Rishon Le Ziyyon 1996/CBM 053 (1-0,
60)}) 7. Qe2 Qe7 {Black has been forced to block the natural development of
his kingside, but this is only the start of the "intrigue". White's
development is not that impressive yet either.} 8. Bg2 Nd6 {This looks
perfectly logical. The knight retreats to a stable blocking square without
creating any weakness in the own camp. However, there are certain drawbacks to
this move. The knight blocks its own d-pawn, too, which causes Black serious
problems regarding the natural development of the queenside (...d6, ...Nd7,
etc.).} (8... f5 {weakens the black kingside, but offers Black certain
stability in the centre. In practice, Sosonko has failed to prove an advantage
for White.} 9. d6 $5 {might be the only way to cause some disharmony in
Black's camp.} ({This was aimed to be an improvement over an earlier game that
continued with} 9. Nh3 b4 10. d6 Qxd6 11. f3 Ba6 12. Qe3 Nc6 13. fxe4 O-O-O 14.
Ng5 {1/2-1/2 Sosonko,G (2530)-Barle,J (2450)/Ljubljana 1977/MCD}) (9. Nc3 Nxc3
10. bxc3 Qxe2+ 11. Nxe2 Na6 12. O-O Rb8 13. Bf4 d6 14. Bd2 Be7 15. Nf4 Kf7 16.
Rfe1 Bf6 17. Rab1 (17. Nh5 $5) 17... Nc7 $15 {Sosonko,G (2545)-Timman,J (2600)/
Amsterdam 1980/MCL (1/2-1/2, 35)})) 9. Be3 {White develops a piece and
prevents the exchange of queens at the same time. (this would ease Black's
defence, by enabling the development of the kingside with ...Be7, etc.)} b4 {
To my mind, a slightly cooperative move. Black prepares the development of his
queen's bishop on an active diagonal (a6-f1), but returns the small material
advantage without any fight and, more seriously, does not improve the
situation of the queen's knight. Remember? Knights should generally be
developed before bishops...} (9... c4 {is not entirely satisfactory either.}
10. Nc3 a6 (10... b4 11. Nb5 $5 Nxb5 12. d6 $14) 11. O-O-O $16 {[%csl Re8]
[%cal Gg1h3,Gh1e1]} (11. Bc5 $44 {Ligterink})) ({However,} 9... Na6 {looks
like the best practical chance.}) 10. Bxc5 Qxe2+ 11. Nxe2 {White has
reestablished the material equality, maintaining his considerable advantage of
space and a slight advance in development. Black mainly relies on certain
stability on dark squares.} Na6 12. Bxd6 $1 $146 {The best way to maintain the
initiative.} ({In the previous game that had reached this position, White
preserved the bishop from exchange with} 12. Bd4 {, allowing Black to activate
his play with} Nf5 13. O-O Bc5 14. Bxc5 Nxc5 15. Nd2 Ba6 16. Rfc1 Nd3 17. Rc2
O-O 18. Bh3 Rfe8 19. Nb3 Re5 $1 $132 {Sosonko,G (2530)-Olafsson,F (2560)/Wijk
aan Zee 1977/MCL/[Bulletin] (1-0, 50) Black's pieces are very active and the
d5-pawn is more of a weakness now.}) 12... Bxd6 13. Nd2 {It appears that the
dark-squared bishop is exposed and will cause Black additional loss of time
before reaching a stable position.} Rb8 14. Nc4 Be7 15. d6 Bf6 16. Nf4 Nc5 17.
O-O Ba6 {A critical moment. White's position looks very active, but he has to
choose the best way to maintain his advantage in space.} 18. Nd5 $5 ({It is
not easy to refrain from} 18. Rfe1+ {. Kramnik probably disliked the fact that
after} Ne6 {, the threat against the c4-knight would become real. However,
after} 19. Ne5 Rb6 20. Rad1 $14 {White would maintain his domination. It
remains an open question whether objectively speaking his position is better
here than in the game, but from a practical point of view it might be more
difficult to maintain stability here. Black has no weaknesses and the d6-pawn
needs permanent care.}) 18... O-O (18... Bxc4 19. Nxf6+ gxf6 20. Rfc1 Nd3 21.
Rxc4 Nxb2 22. Re4+ Kd8 23. Rb1 Nd3 24. Rd4 $16 {White will win his pawn back,
maintaining the better structure, the more active minor piece and a huge
advantage in space.}) 19. Nxf6+ gxf6 20. Bd5 $14 {This is the position Kramnik
had been aiming for. White has ruined Black's kingside structure, while the
queenside could become vulnerable, too. Black's main trump remains the
stability of his minor pieces and certain vulnerability of the d6-pawn.
However, this latter aspect is double-edged. In order to win this pawn, Black
would need to worsen the cooperation between his pieces (for instance, to
disconnect his rook for several moves).} Na4 $6 {Black moves again with an
already well-placed piece. The threat against the b2-pawn is illusory.} ({
He should have continued his development with} 20... Rfe8 {, threatening to
generate some counterplay along the e-file and, eventually, the second rank.})
21. Rfc1 Rfe8 $6 {Too late. The e-file will not be available for this rook
anymore.} (21... Bxc4 $5 22. Rxc4 Rb5 (22... Nxb2 23. Rg4+ Kh8 24. Rb1 Nd3 25.
Rd4 Ne5 26. Rdxb4 $16) 23. Rg4+ Kh8 24. Bb3 Nc5 $5 {would keep Black's
position together.} (24... Nxb2 $2 25. Rb1 Nd3 26. Bc4 Ne5 27. Bxb5 Nxg4 28.
Bxd7 $16)) 22. Ne3 $1 $16 {This move was not possible one move earlier. We can
conclude that 20...Na4 has just helped White improve the placement of his
pieces, by removing the rook from a vulnerable square.} Rb6 23. Rc7 Rxd6 {
Black has eventually won this pawn, but the rook is miserably placed.} 24. Rd1
{[%csl Gd6][%cal Gd5f7]} Kh8 25. Nf5 Rb6 26. Bxf7 Nxb2 27. Rdxd7 $18 {White's
attack is decisive now. Black's counterplay has not sufficient power.} Re1+ 28.
Kg2 Bf1+ 29. Kf3 Be2+ 30. Kf4 Rb8 (30... Nd3+ 31. Rxd3 $1 Bxd3 32. Rc8+ $18 {
[%csl Rh8]}) 31. Bc4 $1 {[%csl Gd3]} (31. Bc4 $1 Bxc4 32. Rxh7+ Kg8 33. Rcg7+
Kf8 34. Rh8+ Bg8 35. Rhxg8#) 1-0